000 00866nam a2200277Ia 4500
003 OSt
005 20220923215804.0
006 a|||||r|||| 00| 0
007 ta
008 220922b |||||||| |||| 00| 0 hin d
020 _c22.5
024 _a181,826
037 _cTextual
040 _aARTS
_cARTS
_bhin
041 _2hin
_ahin
082 _aO152,1N373x, M0
100 _aशाह, रमेश चन्द्र
245 0 _aहरिश्चन्द्र आओ
246 _aHarishchandra āo
250 _aसंस्क0 2
260 _aदिल्ली
_b प्रकाशन संस्थान
_c1981
300 _a107 पृ.
_ccm.
650 _aहिन्दी साहित्य
_9156264
942 _hO152,1N373x, M0
_cTEXL
_2CC
999 _c335203
_d335203